000 01602nam a2200325 a 4500
001 BRCA_8575
005 20190320210332.0
008 190816s1719----it-#######---#000-0#lat-#
041 _alat
044 _ait
050 4 _aBV4625
_b.L39
_c1719
100 1 _aLaymann, Paulo
_921472
245 1 0 _aTheologiae moralis
_bin quinque libros partitae quibus materiae omnes practicae cum ad externum eccesiasticum tum internum conscientiae forum spectantes nova methodo explicantur
_cPaulo Laymann.
260 _aVenetiis
_bApud jo baptistam idrich
_c1719
300 _aT.I y T.II (con varias paginaciones)
_c34 cm
500 _aFondo antiguo
500 _aSe encuentra en Caja Fuerte
500 _aCO-1392
500 _aEn portada: Superiorum permissu, ac privilegio
500 _aPortada impresa en dos tintas negro y rojo, con grabado
500 _aIncluye tabla de contenido
500 _aTexto a dos columnas
500 _aEstado físico: daño por polilla en las páginas del documento y manchas de humedad
500 _aNota de encuadernación: en piel pergamino, deteriorada de las tapas y desgastada del lomo
505 0 _aLiber I de generalibus moralis theologia principis.-- Liber II de theoligis virtutibus, fide, spe, & Charitate.-- Liber III de justitia, & jure caeterisque cardinalibus virtutibus.-- Tomus II liber IV de virtute, & statu religionis.-- Liber V de sacramentis, & sacrificio nouae legis
506 0 _aFondo reservado: para su consulta es necesario credencial de usuario y carta de motivos
650 1 4 _aTeología moral
_921473
902 _aLAR
942 _2lcc
_cB
999 _c8238
_d8238